000 00658nam a2200217 a 4500
999 _c3832
_d3832
001 3832
003 BD-JhCC
005 20171118203453.0
008 171118s2004 b ||||| |||| 00| 0 b d
020 _a9844103835
035 _a(BD-JhCC)
040 _aBD-JhCC
_dBD-JhCC
041 _aben
082 _a891.4409
_bSHA 2004
100 _a শরীফ, আহমদ
245 _aনজরুল সমীক্ষা অন্য নিরিখে /
_cআহমদ শরীফ
260 _aঢাকা :
_bমাওলা ব্রাদার্স,
_c২০০৪
300 _a243 p. :
_c22cm.
650 _aCollection of Articles
942 _2ddc
_cBK